Katy Perry's 365 lyrics - Statistics

General Stats
  • This quiz has been taken 12 times
  • The average score is 10 of 15
Answer Stats
Hint Answer % Correct
And give me the night and ___ Day
100%
I want you to be there on a Monday ____ Night
100%
365, all the ____ Time
100%
Love it when you come back and can’t take it when you ____ Leave
82%
I want you to be the one that's on my _____ Mind
82%
Waking up next to you in the middle of the ____ Week
82%
Never needed anyone to send me off to ____ Sleep
64%
And I know I said, go _____ Slow
64%
You make the weekend feel like a ____ Year
64%
And I wanna just let go, falling ___ than before Deeper
55%
Got me ______ our initials already Fantasizing
55%
Say that you are ready, lock it up in a _____ Heartbeat
55%
I want you to be the one to _____ Stay
55%
______, I want you here 24/7
45%
Got a premonition, this ain't gonna be a ____ Fling
45%
No matching quizzes found
Score Distribution
Percent of People with Each Score
Percentile by Number Answered
Your Score History
You have not taken this quiz